01088nas a2200277Ia 4500001001600000003001000016008004100026040002500067041001300092100002500105210002800130222002800158245005200186250001100238260000900249501012300258300001300381362003100394500010500425650004500530700001100575942000700586957000600593999003300599952017800632A09/R108-42429 IT-MiCISF161014c99999999xx |||||||||||| ||und|| aIT-MiCISFcIT-MiCISF aITALIANO aBartholini Giovanna  aIl consulente familiare aIl consulente familiare 0aDefiniamo l'identità€ del consulente familiare a1a ed. c2006 bCISF - Centro Internazionale Studi Famiglia - Via Giotto, 36 20145 MILANO (non commercial uses only)cCopyright 2016 app. 7-14 an. 1, gennaio-marzo [2006] aSivelli B., Correra D., Moschioni G., Cappelli von Bergher E. Tema: consulenza, famiglia, consulenti aFAMIGLIA - consulenza familiarevdossier aAA.VV. cCR 71 a42429bSig1c226489d226489 0010406A_09_000000000000000_R1084242971aCISFbCISFd2016-10-14l0oA09/R108-42429 r2016-10-14 00:00:00w2016-10-14yCRzData import 15.10.2016 / by Epidotti, Vaglietti